German cities quiz - Statistics

General Stats
  • This quiz has been taken 48 times
  • The average score is 12 of 15
Answer Stats
Hint Answer % Correct
Home to the Brandenburg Gate Berlin
100%
Germany's second largest city Hamburg
98%
Capital of Bavaria Munich
95%
Major financial centre of Germany Frankfurt
93%
Former capital of West Germany Bonn
88%
Was the 2nd largest city in East Germany Leipzig
85%
The bombings in WW2 of this city killed 25,000 Dresden
83%
It's football team plays in yellow and black Dortmund
80%
It is its own state and the smallest in Germany Bremen
78%
Also a fragrance Cologne
78%
Second largest city on the Ruhr Essen
76%
'Cradle of the automobile' Stuttgart
71%
Capital of North Rhine-Westphalia Dusseldorf
68%
Hitler held his assemblies here Nuremberg
63%
It's kings once ruled Britain as well Hannover
61%
No matching quizzes found
Score Distribution
Percent of People with Each Score
Percentile by Number Answered
Your Score History
You have not taken this quiz